000 01438nam0a2200349 i 4500
001 RU\NLR\bibl\1884135
005 20241114224253.0
010 _a9785699527038
_93000
021 _aRU
_b2011-90185
_983д/12
035 _a(NLR Aleph) 001873879
090 _a2698340
_c2698340
100 _a20120326d2011 u y0rusy50 ca
101 0 _arus
102 _aRU
105 _ay |||||||||
200 1 _aАнатомия страсти
_e[радость секса в зрелом возрасте]
_fА. Эйзлер
210 _aМосква
_cЭксмо
_d2011
215 _a220, [2] с.
_d26
225 1 _aЗдоровье для тех кому за...
300 _aНа 4-й с. обл. авт.: А. Эйзлер - писатель, лауреат поэт. конкурсов
606 _aМедицина
_jПопулярные издания
_9892737
_3RU\NLR\auth\662895
606 _aЛица среднего возраста
_jПопулярные издания
_xАдаптация социально-психологическая
_92588223
_3RU\NLR\auth\661529686
686 _aР.я9
686 _aС550,325.3я9
700 1 _4070
_7ca
_8rus
_aЭйзлер
_bА. К.
_f1937-
_gАркадий Кальманович
_9266191
_3RU\NLR\AUTH\770266247
801 0 _aRU
_bNLR
_c20120326
_gRCR
801 1 _aRU
_bNLR
_c20120326
830 _aАвт. по кн.
942 _cBOOK
980 _aNBR